000 00544nam a2200229Ia 4500
003 OSt
005 20220923230136.0
006 a|||||r|||| 00| 0
007 ta
008 Pun
024 _a277,737
037 _cTextual
040 _aARTS
_cARTS
_bPun
041 _2Pun
_aPun
082 _aO153,3NAR1,CH, H6
100 _aਆਰਸੀ
245 0 _aਚਾਨਣੀ
260 _c1946
650 _aਪੰਜਾਬੀ ਸਾਹਿਤ
942 _hO153,3NAR1,CH, H6
_cTEXL
_2CC
999 _c382789
_d382789